| 000 | 00443nam a22001577a 4500 | ||
|---|---|---|---|
| 999 |
_c524869 _d524869 |
||
| 003 | NUST | ||
| 038 | _aMr. Zahoor | ||
| 082 | _a005 | ||
| 100 |
_aHina Anwar _915666 |
||
| 245 |
_aGlobal Optimization Ensemble Model for Classification Methods / _cHina Anwar |
||
| 260 |
_aIslamabad : _bCEME - NUST, _c2013. |
||
| 300 |
_a68 p. : ill. ; _c30 cm. |
||
| 500 | _aHardcover. | ||
| 600 |
_aSoftware Engineering - MS Thesis _915638 |
||
| 942 |
_2ddc _cTHE |
||